General meteorology / (Record no. 13149)

MARC details
000 -LEADER
fixed length control field 00590nam a2200181 a 4500
020 ## - INTERNATIONAL STANDARD BOOK NUMBER
ISBN 0070095000 (hardcover)
020 ## - INTERNATIONAL STANDARD BOOK NUMBER
ISBN 9780070095007 (hardcover)
100 1# - MAIN ENTRY--AUTHOR NAME
Personal name Byers, Horace Robert.
245 10 - TITLE STATEMENT
Title General meteorology /
250 ## - EDITION STATEMENT
Edition statement 4th ed.
260 ## - PUBLICATION, DISTRIBUTION, ETC. (IMPRINT)
Place of publication [S.l.] :
Name of publisher Mcgraw-Hill College,
Year of publication 1974.
300 ## - PHYSICAL DESCRIPTION
Number of Pages 416 p. ;
520 ## - SUMMARY, ETC.
Summary, etc Natural sciences.
856 40 - ELECTRONIC LOCATION AND ACCESS
Uniform Resource Identifier http://www.amazon.com/exec/obidos/ASIN/0070095000/chopaconline-20
Holdings
Withdrawn status Lost status Home library Current library Date acquired Cost, normal purchase price Full call number Accession Number Koha item type
    Book Bank Section Book Bank Section 12/02/2020 181.00 BYE B2159 Books